Statistics for Suriname Districts by Capital

Click here to take the quiz!

General Stats

  • This quiz has been taken 37 times
  • The average score is 8 of 10

Answer Stats

CapitalDistrict% Correct
OnverwachtPara
100%
Nieuw-NickerieNickerie
94%
ParamariboParamaribo
94%
LelydorpWanica
83%
BrokopondoBrokopondo
78%
GroningenSaramacca
78%
Nieuw-AmsterdamCommewijne
72%
TotnessCoronie
72%
AlbinaMarowijne
67%
noneSipaliwani
17%

Score Distribution

Percentile by Number Answered

Percent of People with Each Score

Your Score History

You have not taken this quiz